| 000 | 00364nam a2200157Ia 4500 | ||
|---|---|---|---|
| 008 | 221030s9999 xx 000 0 und d | ||
| 020 | _a8172247842 | ||
| 041 | _aEnglish | ||
| 082 |
_a105.23 _bChe |
||
| 100 | _aN. P. Cheremisinoff | ||
| 245 | 0 | _aHeat Transfer Handbook | |
| 260 |
_bJaico Pub. _aMumbai _c1999 |
||
| 300 | _a240 | ||
| 650 | _aPhysics | ||
| 942 | _cBK | ||
| 999 |
_c1929 _d1929 |
||